Hlinkova garda kalendár na rok ...

Bibliographic Details
Format: Serial
Language:Slovak
PhysicalDescription:3 zv. 15 cm
Published: Bratislava Hlavné veliteľstvo Hlinkovej gardy 1941-1943
Subjects:

MARC

LEADER 00000cas a2200000 a 4500
001 vtls001369365
003 SK-MaSNL
005 20260228155737.0
008 990802d19411943xo ar 5 0 0b0slo
035 |a SNK000323088 
040 |a SNK  |b slo  |c SNK  |e AACR2 
041 0 |a slo 
044 |a xo  |c SK 
072 7 |a 050  |x Seriálové publikácie. Periodiká  |2 konspekt 
080 |a 050  |2 2011 
080 |a 329.18  |2 2011 
080 |a (059)  |2 2011 
245 0 |a Hlinkova garda  |b kalendár na rok ... 
246 1 3 |a Kalendár Hlinkovej gardy 
246 1 3 |a Hlinkova garda na rok ... 
260 |a Bratislava  |b Hlavné veliteľstvo Hlinkovej gardy  |c 1941-1943 
300 |a 3 zv.  |c 15 cm 
310 |a 1x ročne 
362 0 |a 1941-1943  |z Bg. slovenských a inorečových kalendárov za r. 1701-1965 
500 |a Súčasťou názvových údajov je označenie roka 
550 |a R.1941-1942 tlač Slovenská ľudová kníhtlačiareň 
610 2 |a Hlinkova garda (Slovensko)  |2 SNKKA  |9 84036 
655 7 |a textové kalendáre  |2 SNKPH  |9 60816 
910 |a snk 
999 |c 396  |d 396 
952 |0 0  |1 1  |4 0  |7 0  |a SNK  |b SNK  |d 1999-08-02  |l 0  |o snkČSE 63/1943  |p 17A0204129  |r 2005-01-02 00:00:00  |w 2026-02-21  |y PREZ